| Tag |
First Indicator |
Second Indicator |
Subfields |
| LEADER |
00000cam a2200000 i 4500 |
| 001 |
in00004792153 |
| 003 |
OCoLC |
| 005 |
20240610152404.6 |
| 008 |
240313t20242024mdu b 001 0 eng |
| 010 |
|
|
|a 2024002155
|
| 040 |
|
|
|a DLC
|e rda
|c DLC
|
| 020 |
|
|
|a 9781666912319
|q hardcover
|
| 020 |
|
|
|a 166691231X
|q hardcover
|
| 020 |
|
|
|z 9781666912326
|q electronic book
|
| 035 |
|
|
|a (OCoLC)1427066922
|
| 050 |
0 |
0 |
|a B945.P874
|b D446 2024
|
| 082 |
0 |
0 |
|a 146
|2 23/eng/20240315
|
| 100 |
1 |
|
|a Dell'Utri, Massimo,
|e author.
|
| 245 |
1 |
0 |
|a Hilary Putnam's philosophical naturalism :
|b making philosophy matter for life /
|c Massimo Dell'Utri.
|
| 264 |
|
1 |
|a Lanham, Maryland :
|b Lexington Books,
|c [2024].
|
| 300 |
|
|
|a xvi, 241 pages ;
|c 24 cm
|
| 336 |
|
|
|a text
|b txt
|2 rdacontent
|
| 337 |
|
|
|a unmediated
|b n
|2 rdamedia
|
| 338 |
|
|
|a volume
|b nc
|2 rdacarrier
|
| 504 |
|
|
|a Includes bibliographical references (pages 213-231) and index.
|
| 520 |
|
|
|a Hilary Putnam's Philosophical Naturalism: Making Philosophy Matter for Life offers a faithful illustration of the trajectory of Putnam's thought to show how, despite the shifts in opinion on issues of central philosophical importance, his thought reveals a systematic backbone and strong continuities.
|
| 600 |
1 |
0 |
|a Putnam, Hilary.
|
| 650 |
|
0 |
|a Naturalism.
|
| 650 |
|
0 |
|a Science
|x Moral and ethical aspects.
|
| 945 |
|
|
|b 87629
|
| 947 |
|
|
|a A14852493817
|
| 948 |
|
|
|a dmitchel 6/10/24 10.20.30
|
| 980 |
|
|
|b print
|c 40032276430
|f NONFIC/B
|g 565714
|k USD
|m 88.00
|q 1
|s AcqMono Conventional
|t Approval plan
|u Vendor order reference number
|v ZYBP
|y Print approval
|z Physical resource
|
| 999 |
f |
f |
|i 7769b195-0a2b-436c-abad-1338fada8485
|s 47fce17c-13b9-4bd9-bb9a-4c926cac79fa
|t 0
|
| 952 |
f |
f |
|p normal
|a Texas A&M University
|b College Station
|c Sterling C. Evans Library
|d Evans: Library Stacks
|t 0
|e B945.P874 D446 2024
|h Library of Congress classification
|i unmediated -- volume
|m A14852493817
|
| 998 |
f |
f |
|a B945.P874 D446 2024
|t 0
|l Evans: Library Stacks
|